1915 1054 1824 1716 1143 1247 1596 1543 1538 1138 1441 1830 1490 1819 1982 1016 1415 1181 1003 1471 1003 1769 1457 1083 1131 1165 1540 1805 1175 1679 1311 1053 1767 1965 1131 1919 1155 1735 2000 1608 1041 1704 1768 1611 1131 1100 1986 1169 1389 1524 1570 1657 1129 1337 1210 1260 1718 1833 1471 1429 1733 1045 1684 1471 1348 1594 1437 1643 1642 1695 1926 1103 1919 1129 1379 1993 1088 1831 1251 1845 1297 1517 1689 1300 1141 1182 1950 1711 1222 1258 1399 1713 1287 1258 1846 1138 1541 1876 1817 BCNSPRNW ULIB Ver.6.0+V

เปลี่ยนเป็นภาษาไทย

Change to English
 แสดงรายละเอียดบรรณานุกรม
  กลับหน้าหลัก

Brief Record : Get Marc (ISO 2709) : E-mail record : QR code < ปิดหน้าต่าง
LEADER : 00000nam a2200000Ia 4500
001    13399115146
003     ULIB
008    100903s2551 th a j 000 0 tha d
020    ^a9789748327907
041 1  ^atha^hkor
050  4 ^aPZ90.T5^bค238มย
100 1  ^aคัง, จู ฮยอน
245 10 ^aไม่ยากถ้าอยากน่าคบ =^bFriend you like, friend you hate /^cคัง, จู ฮยอน
246 31 ^aFriend you like, friend you hate
250    ^aพิมพ์ครั้งที่ 3
260    ^aกรุงเทพฯ :^bนานมีบุ๊คส์พับลิเคชั่นส์,^c2551
300    ^a206 หน้า :^bภาพประกอบ ;^c19 ซม.
490 0  ^aชุดเคล็ดลับพัฒนาตนเองจากเกาหลี
650  4 ^aการ์ตูน
650  4 ^aความดี
700 0  ^aธนวดี บุญล้วน,^eผู้แปล
700 12 ^aKang, Joo Hyun.^tFriend you like, friend you hate
945    ^p155^l0^i19139
995    ^a เกษร
999 ^a ใช้งานได้ทุกระบบ
รายการนี้ยังไม่มีแท็ก
คุณยังไม่ได้ล็อกอิน คุณสามารถมีกิจกรรมร่วมกับเว็บไซต์ได้ แต่ต้องล็อกอินก่อน ::
  ล็อกอิน

รายการสื่อสารสนเทศ

ลำดับที่ ประเภท เลขเรียก/บาร์โค้ด สถานที่ สถานะ
- ไม่พบข้อมูล -

รายการใกล้เคียง
    หัวเรื่อง [การ์ตูน]
    หัวเรื่อง [ความดี]

BibComment


ยังไม่เคยถูกคอมเมนท์

คอมเมนท์ทรัพยากรรายการนี้
  คอมเมนท์: ไม่ยากถ้าอยากน่า..


 Copyright 2026. Bcnsprnw @Library